Pokemon - Unique Dual Types - Statistics

General Stats
  • This quiz has been taken 1,520 times
    1,074 since last reset
  • The average score is 14 of 25
Answer Stats
Hint Answer % Correct
Fire Water Volcanion
89%
Electric Ghost Rotom
86%
Normal Dragaon Drampa
78%
Fighting Flying Hawlucha
77%
Ice Ghost Froslass
76%
Fire Steel Heatran
76%
Water Steel Empoleon
73%
Grass Ground Torterra
69%
Bug Ghost Shedinja
67%
Electric Ground Stunfisk
63%
Normal Water Bibarel
61%
Fighting Ghost Marshadow
58%
Normal Ground Diggersby
56%
Ghost Fairy Mimikyu
53%
Electric Grass Rotom Mow
51%
Dragon Fairy Mega Altaria
50%
Electric Fire Rotom Heat
50%
Ice Fighting Crabominable
48%
Ice Fairy Alolan Ninetales
41%
Poison Rock Nihilego
39%
Electric Psychic Alolan Raichu
36%
Fighting Rock Terrakion
32%
Ice Fire Galarian Darmanitan Zen Mode
27%
Poison Fairy Galarian Weezing
26%
Poison Psychic Galarian Slowbro
25%
No matching quizzes found
Score Distribution
Percent of People with Each Score
Percentile by Number Answered
Your Score History
You have not taken this quiz since the last reset